01398cam a22003737a 450000100090000000300040000900500170001300800410003001000170007102000220008802000250011003500230013504000370015804200140019505000240020908200150023324500740024824600590032224600380038125000120041926000620043130000210049350400540051465000530056865000500062165000480067165000390071965000340075865000360079265000320082865000340086071000410089485600890093515839943OSt20150408114019.0090728s2000 mau bf 000 0 eng d a 99096341  a0967077281 (pbk.) a9780967077284 (pbk.) a(OCoLC)ocm43711092 aIAXcIAXdMIAdYDXCPdBAKERdDLC alccopycat00aRM666.H33bQ53 2000 222a615.3200aQuick access patient information on conditions, herbs & supplements /30aPatient information on conditions, herbs & supplements3 aConditions, herbs and supplements a1st ed. aNewton, MA :bIntegrative Medicine Communications,c2000. a266 p. ;c28 cm. aIncludes bibliographical references (p. 235-266). 0aHerbsxTherapeutic usevHandbooks, manuals, etc. 0aDietary supplementsvHandbooks, manuals, etc. 0aHolistic medicinevHandbooks, manuals, etc.12aHerbsxtherapeutic usevHandbooks.12aPlants, MedicinalvHandbooks.22aDietary SupplementsvHandbooks.22aHolistic HealthvHandbooks.22aPatient EducationvHandbooks.2 aIntegrative Medicine Communications.423Publisher descriptionuhttp://www.loc.gov/catdir/enhancements/fy1003/99096341-d.html